| 000 | 00000nas 2200000za 4500 |
| 001 | 9.502598 |
| 003 | CaOODSP |
| 005 | 20231215094210 |
| 007 | cr ||||||||||| |
| 008 | 150406c19959999onchn p o f0 b0fre|d |
| 022 | |a1701-848X |
| 040 | |aCaOODSP|bfre |
| 043 | |an-cn--- |
| 086 | 1 |aIN3-16/7F-PDF |
| 130 | 0 |aRapport actuariel au ..., régime de pensions des juges de nomination fédérale (En ligne) |
| 222 | 0|aRapport actuariel ..., régime de pensions des juges de nomination fédérale |
| 245 | 10|aRapport actuariel au ..., régime de pensions des juges de nomination fédérale |h[ressource électronique]. |
| 246 | 13|aRapport actuariel sur le Régime de pensions des juges de nomination fédérale au ...|f2004- |
| 260 | |aOttawa : |bBureau du surintendant des institutions financières, Bureau de l'actuaire en chef, |c[199-]- |
| 310 | |aTriennal (irrégulier) |
| 362 | 0 |a31 mars 1995- |
| 500 | |aPubl. aussi en anglais sous le titre : Actuarial report as at ... , pension plan for federally appointed judges. |
| 692 | 07|2gccst|aJuge |
| 710 | 1 |aCanada. |bBureau du surintendant des institutions financières Canada. |bBureau de l'actuaire en chef. |
| 775 | 08|tActuarial report as at ... , pension plan for federally appointed judges |w(CaOODSP)9.506200 |
| 780 | 00|tRégime de pensions des juges de nomination fédérale |w(CaOODSP)9.852740 |